Statistiken für Top 15 Länder mit Covid-19-Todesfällen - 30. März 2022

Klicken Sie hier um das Quiz zu spielen!

Allgemein

  • Dieses Quiz wurde 21 mal gespielt
  • Das Durchschnittsergebnis liegt bei 16 aus 27

Antwortstatistiken

Land% Korrekt
Deutschland
95%
Vereinigte Staaten
90%
Brasilien
85%
Frankreich
85%
Italien
85%
Russland
85%
Vereinigtes Königreich
80%
Indien
75%
Argentinien
70%
Mexiko
65%
Polen
60%
Indonesien
55%
Kroatien
55%
Slowakei
55%
Slowenien
55%
Bulgarien
50%
Peru
50%
Tschechien
50%
Kolumbien
45%
Ungarn
45%
Iran
40%
Nordmazedonien
40%
Rumänien
35%
Bosnien und Herzegowina
25%
Georgien
25%
Lettland
25%
Litauen
25%

Verteilung der Resultate

Perzentil nach korrekt beantworteten Fragen

Anzahl Personen mit jedem Resultat

Ihre Resultats-Entwicklung

Sie haben dieses Quiz noch nicht gespielt